[Event "Copenhagen Obro CXU New Year op"]
[Site "Copenhagen"]
[Date "2023.12.28"]
[Round "4"]
[White "Borge, Nikolaj"]
[Black "Veiergang, Oscar"]
[Result "1-0"]
[WhiteElo "2385"]
[BlackElo "1992"]
[PlyCount "57"]
[EventDate "2023.12.27"]
[EventType "swiss"]
[EventRounds "7"]
[EventCountry "DEN"]
[SourceTitle "CB01_2024"]
[SourceDate "2024.01.03"]
[SourceVersion "1"]
[SourceVersionDate "2024.01.03"]
[SourceQuality "1"]

1. e4 e5 2. Nf3 Nc6 3. Bc4 Nf6 4. d3 Bc5 5. c3 d6 6. b4 Bb6 7. a4 a6 8. 0-0 h6 9. Bb3 Be6 10. Nbd2 0-0 11. Re1 Kh8 12. Nc4 Bxc4 13. Bxc4 Ng4 14. Ra2 f5 15. h3 fxe4 16. dxe4 Nf6 17. a5 Ba7 18. Nh4 Ne7 19. g3 Qd7 20. Kh2 Qc6 21. Qd3 Qe8 22. Bb3 Qh5 23. Bd1 Qf7 24. Rb2 Bxf2 25. Rxf2 Ng4+ 26. Bxg4 Qxf2+ 27. Ng2 Rf6 28. Be2 Raf8 29. Be3 1-0

[Event "DEN-ch"]
[Site "Svendborg"]
[Date "2023.04.08"]
[Round "8"]
[White "Borge, Nikolaj"]
[Black "Bjerre, Jonas Buhl"]
[Result "1-0"]
[WhiteElo "2387"]
[BlackElo "2606"]
[PlyCount "113"]
[EventDate "2023.04.01"]
[EventType "tourn"]
[EventRounds "9"]
[EventCountry "DEN"]
[EventCategory "9"]
[SourceTitle "CBM 213 Extra"]
[Source "ChessBase"]
[SourceDate "2023.05.31"]
[SourceVersion "1"]
[SourceVersionDate "2023.05.31"]
[SourceQuality "1"]

1. e4 c5 2. Nf3 d6 3. d4 cxd4 4. Nxd4 Nf6 5. Nc3 a6 6. Bc4 e6 7. Bb3 b5 8. Qe2 Be7 9. Be3 Bd7 10. a3 Nc6 11. f3 Qa5 12. 0-0-0 0-0 13. g4 Nxd4 14. Rxd4 Rfb8 15. g5 Ne8 16. h4 b4 17. axb4 Qa1+ 18. Nb1 a5 19. bxa5 Rxa5 20. Bd2 Ra7 21. Bc3 Nc7 22. Kd2 Nb5 23. Rb4 d5 24. exd5 Bxb4 25. Qe5 Bf8 26. Qxb8 Qa6 27. dxe6 Bxe6 28. Bxe6 fxe6 29. Re1 Nd6 30. b3 Ra8 31. Qc7 Nb5 32. Qe5 Rd8+ 33. Kc1 Nxc3 34. Qxc3 Kh8 35. Qc4 Qa5 36. Qxe6 Qa1 37. b4 Rb8 38. c3 Ra8 39. Qf7 Qa4 40. h5 Bxb4 41. cxb4 Rc8+ 42. Kd2 Qxb4+ 43. Ke2 Qb5+ 44. Kf2 Rc2+ 45. Ke3 Rc8 46. Nd2 Qxg5+ 47. Ke2 h6 48. Ne4 Qg2+ 49. Ke3 Ra8 50. Kf4 Qb2 51. Kg4 Ra5 52. Qe8+ Kh7 53. Qg6+ Kh8 54. Qe8+ Kh7 55. Qg6+ Kh8 56. Kh3 Qe5 57. Nf6 1-0

[Event "DEN-chT 2223 60th"]
[Site "Denmark"]
[Date "2023.03.25"]
[Round "8.4"]
[White "Olsen, Filip Boe"]
[Black "Borge, Nikolaj"]
[Result "1/2-1/2"]
[WhiteElo "2433"]
[BlackElo "2388"]
[PlyCount "128"]
[EventDate "2022.10.29"]
[EventType "team-tourn"]
[EventRounds "9"]
[EventCountry "DEN"]
[SourceTitle "CBM 213 Extra"]
[Source "ChessBase"]
[SourceDate "2023.05.31"]
[SourceVersion "1"]
[SourceVersionDate "2023.05.31"]
[SourceQuality "1"]
[WhiteTeam "Skanderborg Nordea"]
[BlackTeam "Hillerod"]
[WhiteTeamCountry "DEN"]
[BlackTeamCountry "DEN"]

1. d4 d5 2. c4 dxc4 3. Nf3 Nf6 4. e3 a6 5. Bxc4 e6 6. 0-0 c5 7. Be2 Nc6 8. dxc5 Qxd1 9. Rxd1 Bxc5 10. b3 Nd5 11. Bb2 f6 12. Nbd2 Be7 13. Rac1 e5 14. Ne4 Be6 15. Ne1 0-0-0 16. Nd3 Kc7 17. Nec5 Bf7 18. Bg4 Bxc5 19. Nxc5 b6 20. Nxa6+ Kb7 21. Bf3 Kxa6 22. Rxc6 e4 23. Bxe4 Nb4 24. Rcd6 Rxd6 25. Rxd6 Nxa2 26. Bd4 Rb8 27. Rd7 Bxb3 28. Rxg7 Nc1 29. Bxf6 Ne2+ 30. Kf1 Bc4 31. Ke1 b5 32. Rc7 Re8 33. Bf3 Nc1 34. Kd2 Nb3+ 35. Kc3 Re6 36. Bh8 Ka5 37. Bd1 Rd6 38. Bc2 Nc1 39. Kb2 Ne2 40. Ra7+ Kb6 41. Ra1 Kc5 42. Bg7 Rd8 43. Bf6 Rd7 44. g4 b4 45. Rd1 Ra7 46. Rd8 Ra2+ 47. Kb1 Nc3+ 48. Bxc3 bxc3 49. g5 Rb2+ 50. Kc1 Ra2 51. Rc8+ Kb4 52. Rb8+ Kc5 53. h4 Ra1+ 54. Rb1 Ra7 55. h5 Be2 56. h6 Bh5 57. f4 Kc4 58. f5 Re7 59. e4 Ra7 60. e5 Ra5 61. Rb7 Ra1+ 62. Rb1 Ra5 63. Rb7 Ra1+ 64. Rb1 Ra5 1/2-1/2

[Event "DEN-ch"]
[Site "Svendborg"]
[Date "2022.04.17"]
[Round "9"]
[White "Borge, Nikolaj"]
[Black "Bjerre, Jonas Buhl"]
[Result "0-1"]
[WhiteElo "2403"]
[BlackElo "2611"]
[PlyCount "80"]
[EventDate "2022.04.09"]
[EventType "tourn"]
[EventRounds "9"]
[EventCountry "DEN"]
[EventCategory "8"]
[SourceTitle "CBM 207 Extra"]
[Source "ChessBase"]
[SourceDate "2022.05.31"]
[SourceVersion "1"]
[SourceVersionDate "2022.05.31"]
[SourceQuality "1"]

1. e4 c5 2. Nf3 d6 3. d4 cxd4 4. Nxd4 Nf6 5. Nc3 a6 6. h3 e5 7. Nde2 h5 8. g3 Be6 9. Bg2 b5 10. 0-0 Nbd7 11. a4 b4 12. Nd5 Nxd5 13. exd5 Bf5 14. c3 Rb8 15. cxb4 Rxb4 16. Qe1 Qb8 17. Bd2 Rc4 18. b4 Be7 19. Nc1 0-0 20. Nb3 Bd8 21. Qe2 Rxb4 22. Bxb4 Qxb4 23. Nc1 Nc5 24. Qxh5 Bc2 25. Qg4 e4 26. Ra2 Bxa4 27. Nd3 Nxd3 28. Bxe4 Bb5 29. Rd1 Qb3 30. Ra3 Qxa3 31. Qh5 f5 32. Bxf5 Rxf5 33. Qxf5 Qb2 34. Qe6+ Kh8 35. Rxd3 Qb1+ 36. Kh2 Qxd3 37. Qc8 Qxd5 38. Qxd8+ Kh7 39. Qh4+ Kg6 40. Qg4+ Kf7 0-1

[Event "DEN-chT 2122 59th"]
[Site "Denmark"]
[Date "2022.03.20"]
[Round "9.5"]
[White "Borge, Nikolaj"]
[Black "Olsen, Filip Boe"]
[Result "1-0"]
[WhiteElo "2381"]
[BlackElo "2357"]
[PlyCount "87"]
[EventDate "2021.10.30"]
[EventType "team-tourn"]
[EventRounds "9"]
[EventCountry "DEN"]
[SourceTitle "EXT 2023"]
[Source "ChessBase"]
[SourceDate "2022.10.05"]
[SourceVersion "1"]
[SourceVersionDate "2022.10.05"]
[SourceQuality "1"]
[WhiteTeam "Hillerod"]
[BlackTeam "Skanderborg Nordea"]
[WhiteTeamCountry "DEN"]
[BlackTeamCountry "DEN"]

1. e4 c6 2. d4 d5 3. e5 Bf5 4. Nd2 e6 5. Nb3 Nd7 6. Nf3 a6 7. Be2 c5 8. 0-0 Rc8 9. Be3 cxd4 10. Nfxd4 Ne7 11. f4 Be4 12. Rc1 g6 13. Qe1 Nf5 14. Nxf5 gxf5 15. Na5 Bc5 16. Bxc5 Nxc5 17. b4 b6 18. bxc5 bxa5 19. Qf2 Rg8 20. g3 Qe7 21. c4 d4 22. Rfd1 Qxc5 23. Qxd4 Ke7 24. Kf2 Rc7 25. Rc3 Rb8 26. Qxc5+ Rxc5 27. Ke3 Rb2 28. Rd2 Rb1 29. Rb3 Rc1 30. Rd6 Rc2 31. Ra3 f6 32. Rxa6 fxe5 33. R6xa5 exf4+ 34. gxf4 Rxa5 35. Rxa5 Kd6 36. Ra6+ Kc5 37. Ra5+ Kd6 38. a3 Rb2 39. h4 Ra2 40. Ra6+ Kc5 41. h5 Ra1 42. h6 Rh1 43. Rxe6 Rh3+ 44. Kf2 1-0

[Event "DEN-ch"]
[Site "Svendborg"]
[Date "2021.10.24"]
[Round "9"]
[White "Chatalbashev, Boris"]
[Black "Borge, Nikolaj"]
[Result "1-0"]
[WhiteElo "2536"]
[BlackElo "2381"]
[PlyCount "59"]
[EventDate "2021.10.16"]
[EventType "tourn"]
[EventRounds "9"]
[EventCountry "DEN"]
[EventCategory "9"]
[SourceTitle "CBM 204 Extra"]
[Source "ChessBase"]
[SourceDate "2021.11.30"]
[SourceVersion "1"]
[SourceVersionDate "2021.11.30"]
[SourceQuality "1"]

1. c4 c5 2. Nf3 Nc6 3. Nc3 e5 4. g3 g6 5. Bg2 Bg7 6. 0-0 d6 7. a3 Nge7 8. Rb1 a5 9. d3 0-0 10. Bd2 Rb8 11. Qa4 Bd7 12. Nb5 d5 13. Rfd1 b6 14. b4 e4 15. dxe4 dxc4 16. Bf4 Na7 17. Bxb8 Nxb5 18. bxc5 Nc3 19. Qxd7 Qxd7 20. Rxd7 Nxb1 21. Bd6 c3 22. Ne1 bxc5 23. Bxe7 Rc8 24. Nc2 Nd2 25. Rd8+ Rxd8 26. Bxd8 a4 27. Be7 Nb3 28. e3 f5 29. exf5 gxf5 30. Bd5+ 1-0

[Event "DEN-ch"]
[Site "Svendborg"]
[Date "2021.10.19"]
[Round "4"]
[White "Borge, Nikolaj"]
[Black "Fries Nielsen, Jens Ove"]
[Result "1-0"]
[WhiteElo "2381"]
[BlackElo "2378"]
[PlyCount "75"]
[EventDate "2021.10.16"]
[EventType "tourn"]
[EventRounds "9"]
[EventCountry "DEN"]
[EventCategory "9"]
[SourceTitle "CBM 204 Extra"]
[Source "ChessBase"]
[SourceDate "2021.11.30"]
[SourceVersion "1"]
[SourceVersionDate "2021.11.30"]
[SourceQuality "1"]

1. e4 d5 2. exd5 Qxd5 3. Nc3 Qe5+ 4. Nge2 Nf6 5. d4 Qa5 6. Bf4 Be6 7. b4 Qb6 8. a3 Bd7 9. h3 e6 10. Be5 a5 11. b5 a4 12. Qd3 Qa5 13. g4 c6 14. Bg2 cxb5 15. Bxb7 Ra7 16. Bf3 Nc6 17. 0-0 b4 18. axb4 Nxb4 19. Qc4 Qa6 20. Qxa6 Rxa6 21. g5 Nfd5 22. Nxd5 exd5 23. c3 Nd3 24. Rfb1 Nxe5 25. Rb8+ Ke7 26. dxe5 f6 27. exf6+ gxf6 28. Nf4 fxg5 29. Nxd5+ Kd6 30. Rd1 Ra7 31. Rd8 Kc5 32. Ne3 Be6 33. Re8 Re7 34. Ra8 Bg7 35. Ra5+ Kb6 36. Rxa4 Rc8 37. Rd6+ Kc5 38. Rxe6 1-0

[Event "DEN-ch"]
[Site "Svendborg"]
[Date "2021.10.17"]
[Round "2"]
[White "Hansen, Sune Berg"]
[Black "Borge, Nikolaj"]
[Result "1/2-1/2"]
[WhiteElo "2528"]
[BlackElo "2381"]
[PlyCount "122"]
[EventDate "2021.10.16"]
[EventType "tourn"]
[EventRounds "9"]
[EventCountry "DEN"]
[EventCategory "9"]
[SourceTitle "CBM 204 Extra"]
[Source "ChessBase"]
[SourceDate "2021.11.30"]
[SourceVersion "1"]
[SourceVersionDate "2021.11.30"]
[SourceQuality "1"]

1. d4 d5 2. Nf3 Nf6 3. c4 dxc4 4. Qa4+ Nbd7 5. Nc3 a6 6. e4 b5 7. Nxb5 Bb7 8. Nc3 Nxe4 9. Bxc4 Nxc3 10. Qb3 Bd5 11. Qxc3 Bxc4 12. Qxc4 e6 13. 0-0 Nb6 14. Qc2 Be7 15. Bf4 Bd6 16. Be5 0-0 17. Rac1 Nd5 18. Qe4 Rb8 19. b3 Nb4 20. Qe2 a5 21. Rc4 Nd5 22. Rfc1 Ra8 23. Qe4 Qe7 24. Qg4 f5 25. Qg3 Ra7 26. h4 h6 27. Re1 Bb4 28. Re2 Nc3 29. Rc2 Ne4 30. Qg6 Bd6 31. Bxd6 cxd6 32. Rc8 Nf6 33. d5 exd5 34. Rxf8+ Qxf8 35. Qxf5 Ra8 36. Rc7 Qe8 37. g3 Qe4 38. Qxe4 dxe4 39. Nd4 a4 40. b4 Nd5 41. Rb7 Nc3 42. a3 Nb1 43. Nb5 Rd8 44. Ra7 d5 45. Nd4 Nxa3 46. Rxa4 Nc4 47. Ra7 Rb8 48. Nf5 Rxb4 49. Rxg7+ Kf8 50. Rd7 Rb1+ 51. Kg2 Rd1 52. h5 Rd2 53. Kf1 Ne5 54. Rd6 Ng4 55. Nxh6 Nxf2 56. Rf6+ Kg7 57. Rxf2 Rxf2+ 58. Kxf2 Kxh6 59. g4 d4 60. Ke1 Kg5 61. Ke2 Kh6 1/2-1/2

[Event "Helsingor Hojstrupgaard op"]
[Site "Helsingor"]
[Date "2021.07.24"]
[Round "2"]
[White "Borge, Nikolaj"]
[Black "Rathlev, Jakob"]
[Result "1-0"]
[WhiteElo "2357"]
[BlackElo "2210"]
[PlyCount "50"]
[EventDate "2021.07.23"]
[EventType "swiss"]
[EventRounds "5"]
[EventCountry "DEN"]
[SourceTitle "CBM 203 Extra"]
[Source "ChessBase"]
[SourceDate "2021.09.30"]
[SourceVersion "1"]
[SourceVersionDate "2021.09.30"]
[SourceQuality "1"]

1. e4 c6 2. d4 d5 3. e5 Bf5 4. Nc3 e6 5. h4 h5 6. Bd3 Bxd3 7. Qxd3 c5 8. Nf3 Nc6 9. Bg5 Qb6 10. dxc5 Bxc5 11. 0-0 Nge7 12. a3 Nf5 13. Nxd5 exd5 14. Qxf5 Ne7 15. Qd3 Qe6 16. Rad1 Rd8 17. c4 f6 18. exf6 gxf6 19. Rfe1 Qf7 20. Be3 Bxe3 21. Qxe3 dxc4 22. Rxd8+ Kxd8 23. Ng5 fxg5 24. Qd4+ Kc7 25. Qxh8 Ng6 1-0

[Event "DEN-chT 1920 58th"]
[Site "Denmark"]
[Date "2020.02.23"]
[Round "7.3"]
[White "Borge, Nikolaj"]
[Black "Hoi, Carsten"]
[Result "1-0"]
[WhiteElo "2372"]
[BlackElo "2317"]
[PlyCount "90"]
[EventDate "2019.11.23"]
[EventType "team-tourn"]
[EventRounds "9"]
[EventCountry "DEN"]
[SourceTitle "EXT 2021"]
[Source "ChessBase"]
[SourceDate "2020.10.23"]
[SourceVersion "1"]
[SourceVersionDate "2020.10.23"]
[SourceQuality "1"]
[WhiteTeam "Hillerod"]
[BlackTeam "Bronshoj"]
[WhiteTeamCountry "DEN"]
[BlackTeamCountry "DEN"]

1. e4 e6 2. d4 d5 3. exd5 exd5 4. Nf3 Nf6 5. Bd3 Bg4 6. 0-0 Be7 7. c3 0-0 8. Nbd2 c5 9. h3 Bh5 10. dxc5 Bxc5 11. Nb3 Bb6 12. Bg5 Nc6 13. g4 Bg6 14. Bxg6 hxg6 15. Qd3 Qd7 16. Rad1 Rad8 17. Kg2 Rfe8 18. Bh4 Re4 19. Rfe1 Qe8 20. Kf1 Ne5 21. Nxe5 Qxe5 22. Bg3 Qe8 23. f3 Rxe1+ 24. Rxe1 Qa4 25. Ra1 Re8 26. Nd4 Bxd4 27. cxd4 Qc4 28. Qxc4 dxc4 29. Rc1 Nd5 30. Kf2 b5 31. a4 Nb4 32. Kf1 a6 33. axb5 axb5 34. Bf2 Ra8 35. b3 Nd3 36. Rc3 Ra1+ 37. Kg2 Ra2 38. bxc4 Nxf2 39. Kg3 bxc4 40. Rxc4 Nd3 41. g5 f5 42. Rc3 f4+ 43. Kh4 Rd2 44. Rc4 Rh2 45. Kg4 Rg2+ 1-0

[Event "DEN-chT 1920 58th"]
[Site "Denmark"]
[Date "2020.01.26"]
[Round "6.2"]
[White "Borge, Nikolaj"]
[Black "Rasmussen, Allan Stig"]
[Result "1/2-1/2"]
[WhiteElo "2372"]
[BlackElo "2559"]
[PlyCount "53"]
[EventDate "2019.11.23"]
[EventType "team-tourn"]
[EventRounds "9"]
[EventCountry "DEN"]
[SourceTitle "CBM 195 Extra"]
[Source "ChessBase"]
[SourceDate "2020.05.31"]
[SourceVersion "1"]
[SourceVersionDate "2020.05.31"]
[SourceQuality "1"]
[WhiteTeam "Hillerod"]
[BlackTeam "Jetsmark"]
[WhiteTeamCountry "DEN"]
[BlackTeamCountry "DEN"]

1. e4 e6 2. d4 d5 3. exd5 exd5 4. Nf3 Bd6 5. Bd3 Ne7 6. c3 Nbc6 7. h3 f6 8. Qc2 Be6 9. Bxh7 Qd7 10. Bd3 g5 11. Ng1 0-0-0 12. Nd2 Rde8 13. Ne2 Nf5 14. Nf1 Nh4 15. Rg1 Rhg8 16. Bd2 f5 17. 0-0-0 f4 18. Nh2 Kb8 19. Kb1 Qf7 20. Bc1 Ne7 21. Ng4 f3 22. gxf3 Qxf3 23. Nh6 Rh8 24. Bxg5 Nef5 25. Ng4 Qxh3 26. Ne5 Ng2 27. Ng3 1/2-1/2

[Event "DEN-chT 1920 58th"]
[Site "Denmark"]
[Date "2020.01.12"]
[Round "5.3"]
[White "Borge, Nikolaj"]
[Black "Sengupta, Deep"]
[Result "1/2-1/2"]
[WhiteElo "2372"]
[BlackElo "2557"]
[PlyCount "203"]
[EventDate "2019.11.23"]
[EventType "team-tourn"]
[EventRounds "9"]
[EventCountry "DEN"]
[SourceTitle "CBM 194 Extra"]
[Source "ChessBase"]
[SourceDate "2020.03.31"]
[SourceVersion "1"]
[SourceVersionDate "2020.03.31"]
[SourceQuality "1"]
[WhiteTeam "Hillerod"]
[BlackTeam "Koge Xtracon"]
[WhiteTeamCountry "DEN"]
[BlackTeamCountry "DEN"]

1. e4 e6 2. d4 d5 3. exd5 exd5 4. Nf3 Nc6 5. Nc3 Bg4 6. Qe2+ Be7 7. Be3 Nf6 8. h3 Bh5 9. g4 Bg6 10. Ne5 Ne4 11. Nxe4 Bxe4 12. f3 Bh4+ 13. Kd1 Nxe5 14. fxe4 dxe4 15. Qb5+ Nd7 16. g5 c5 17. dxc5 Bxg5 18. Bxg5 Qxg5 19. c6 Qxb5 20. Bxb5 bxc6 21. Bxc6 0-0-0 22. Bxe4 Nc5+ 23. Bd3 Nxd3 24. cxd3 Rxd3+ 25. Ke2 Rd6 26. Rac1+ Kd7 27. Rhd1 Rb8 28. Rxd6+ Kxd6 29. b3 Rb5 30. Rc8 Ra5 31. a4 Re5+ 32. Kf3 Re7 33. b4 f5 34. b5 Rc7 35. Rf8 g6 36. Rf6+ Ke5 37. Ra6 g5 38. Ra5 Ke6 39. Ra6+ Kd5 40. Ra5 Kc4 41. b6 axb6 42. Rxf5 Ra7 43. Rb5 Ra6 44. Kg3 Rxa4 45. Rxb6 h5 46. Rh6 Ra3+ 47. Kh2 h4 48. Rg6 Rg3 49. Ra6 Kd4 50. Ra4+ Ke5 51. Ra5+ Kf6 52. Ra6+ Kf5 53. Ra5+ Kg6 54. Ra6+ Kh5 55. Rf6 Rb3 56. Kg2 Rb7 57. Kh2 Rg7 58. Kg2 Rg8 59. Kh2 Rd8 60. Kg2 Rd4 61. Kh2 Rf4 62. Ra6 Rf8 63. Kg2 Rg8 64. Rf6 Rg6 65. Rf8 Rd6 66. Rg8 Kh6 67. Kf2 Rd2+ 68. Kg1 Rd5 69. Kg2 Kh7 70. Rf8 Kg6 71. Rf2 Rd3 72. Kh2 Rg3 73. Rf1 Re3 74. Rf2 Re4 75. Kg2 Rf4 76. Ra2 Rf6 77. Ra5 Rd6 78. Rb5 Kf6 79. Ra5 Rd2+ 80. Kg1 Re2 81. Ra8 Kf5 82. Ra4 Re4 83. Ra2 Re3 84. Kg2 Kf4 85. Rf2+ Ke4 86. Ra2 Rg3+ 87. Kh2 Rd3 88. Rg2 Kf4 89. Rg4+ Kf5 90. Kg2 Re3 91. Ra4 Re2+ 92. Kg1 Re4 93. Ra2 Kf4 94. Kf2 Rd4 95. Rb2 g4 96. hxg4 Kxg4 97. Kg2 h3+ 98. Kh2 Kh4 99. Ra2 Rg4 100. Rb2 Rg2+ 101. Rxg2 hxg2 102. Kxg2 1/2-1/2

[Event "DEN-chT 1819 57th"]
[Site "Denmark"]
[Date "2019.02.24"]
[Round "7.4"]
[White "Rozentalis, Eduardas"]
[Black "Borge, Nikolaj"]
[Result "1-0"]
[WhiteElo "2522"]
[BlackElo "2385"]
[PlyCount "51"]
[EventDate "2018.10.27"]
[EventType "team-tourn"]
[EventRounds "9"]
[EventCountry "DEN"]
[SourceTitle "CBM 189 Extra"]
[Source "ChessBase"]
[SourceDate "2019.06.03"]
[SourceVersion "1"]
[SourceVersionDate "2019.06.03"]
[SourceQuality "1"]
[WhiteTeam "Koge Xtracon"]
[BlackTeam "Hillerod"]
[WhiteTeamCountry "DEN"]
[BlackTeamCountry "DEN"]

1. e4 c5 2. Nf3 e6 3. c3 Nf6 4. e5 Nd5 5. g3 Nc6 6. Bg2 f6 7. d4 cxd4 8. cxd4 Bb4+ 9. Bd2 b6 10. 0-0 Ba6 11. Re1 Rc8 12. a3 Bxd2 13. Nbxd2 f5 14. Qa4 b5 15. Qd1 Na5 16. Nh4 0-0 17. Bxd5 exd5 18. b4 Nc4 19. Nb3 Rc6 20. Nc5 Bc8 21. Qf3 Nb6 22. Qd3 f4 23. Nf5 Rxf5 24. Qxf5 d6 25. e6 dxc5 26. Qf7+ 1-0